Daily Capital City Riddle #105 - Statistics

General Stats
  • This quiz has been taken 34 times
  • The average score is 27 of 33
Answer Stats
Type Answer % Correct
Found Letter A
100%
Alphabet Letter D
100%
Alphabet Letter S
100%
Found Letter T
100%
Alphabet Letter B
97%
Alphabet Letter E
97%
Alphabet Letter I
97%
Found Letter O
97%
Alphabet Letter R
97%
Found Letter U
97%
Correctly Placed Letter A
93%
Alphabet Letter C
93%
Alphabet Letter G
93%
Alphabet Letter L
93%
Alphabet Letter N
93%
Alphabet Letter H
90%
Found Letter M
90%
Alphabet Letter W
90%
Alphabet Letter K
83%
Alphabet Letter J
79%
Alphabet Letter Y
79%
Correctly Placed Letter M
76%
Found Letter P
76%
Alphabet Letter V
76%
Correctly Placed Letter O
72%
Alphabet Letter X
69%
Correctly Placed Letter T
66%
Alphabet Letter F
62%
Correctly Placed Letter U
62%
Alphabet Letter Z
62%
Alphabet Letter Q
59%
Mystery Capital Maputo
55%
Correctly Placed Letter P
55%
No matching quizzes found
Score Distribution
Percent of People with Each Score
Percentile by Number Answered
Your Score History
You have not taken this quiz